• 首页
  • 本馆介绍
  • 公告通知
  • 最新文献
  • 馆藏检索
  • 电子资源
  • 读者导购
  • 参考咨询
  • 我的图书馆
  • 登录
  • 详细信息显示
  • 放入我的书架
  • 预约/预借图书
  • 作者相关作品
  • 分类相关作品
  • 丛书相关作品
  • 出版社相关作品

书目信息

  • 表格格式
  • 工作单格式
  • 卡片格式
题名:
HTML5+CSS3网页设计
    
 
作者: 黄源 , 杜柏村 , 罗少甫 编著
分册:  
出版信息: 北京   机械工业出版社  2018.04
页数: 222页
开本: 26cm
丛书名:
单 册:
中图分类: TP312.8 , TP393.092.2
科图分类:
主题词: 超文本标记语言--程序设计--高等职业教育--教材 , 网页制作工具--高等职业教育--教材
电子资源:
ISBN: 978-7-111-59436-9
000 01063nam0 2200277 450
001 5273
005 20181014164227.82
010    @a978-7-111-59436-9@dCNY42.00
100    @a20180612d2018 em y0chiy50 ea
101 0  @achi
102    @aCN@b110000
105    @aa z 000yy
200 1  @aHTML5+CSS3网页设计@9HTML5+CSS3 wang ye she ji@f黄源, 杜柏村, 罗少甫编著
210    @a北京@c机械工业出版社@d2018.04
215    @a222页@c图@d26cm
300    @a全国高等职业教育“十三五”规划教材
330    @a本书全面介绍了HTML5的新功能及CSS3样式表的设计方式,并将HTML5+CSS3技术贯穿于网页设计实际应用之中。内容包括HTML5语言基础知识概述、CSS技术概述、HTML5+CSS网页布局设计、HTML5表单设计、音频与视频设计、画布设计、拖放设计等。
606 0  @a超文本标记语言@x程序设计@x高等职业教育@j教材
606 0  @a网页制作工具@x高等职业教育@j教材
690    @aTP312.8@v5
690    @aTP393.092.2@v5
701  0 @a黄源@9huang yuan@4编著
701  0 @a杜柏村@9du bai cun@4编著
701  0 @a罗少甫@9luo shao fu@4编著
801  0 @aCN@b91MARC@c20180612
905    @aMuseLib@dTP312.8@e1395
    
    HTML5+CSS3网页设计/黄源, 杜柏村, 罗少甫编著.-北京:机械工业出版社,2018.04
    222页:图;26cm
    全国高等职业教育“十三五”规划教材
    
    ISBN 978-7-111-59436-9:CNY42.00
    本书全面介绍了HTML5的新功能及CSS3样式表的设计方式,并将HTML5+CSS3技术贯穿于网页设计实际应用之中。内容包括HTML5语言基础知识概述、CSS技术概述、HTML5+CSS网页布局设计、HTML5表单设计、音频与视频设计、画布设计、拖放设计等。
●
相关链接 在E读中查询图书 在五车中查询图书 在当当中查询图书 在豆瓣中查询图书


正题名:HTML5+CSS3网页设计     索取号:TP312.8/1395         预约/预借

序号 登录号 条形码 馆藏地/架位号 状态 备注
1 1128904   211289041   第二样本阅览室/ [索取号:TP312.8/1395] 在馆    
2 1128905   211289050   第三借阅区/ [索取号:TP312.8/1395] 在馆    
3 1128906   211289069   第三借阅区/ [索取号:TP312.8/1395] 在馆    
4 1128907   211289078   第三借阅区/ [索取号:TP312.8/1395] 在馆    
5 1128908   211289087   第三借阅区/ [索取号:TP312.8/1395] 在馆    
唐山师范学院图书馆 欢迎您!
大连网信软件有限公司© 版权所有